000 00686nam a22002057a 4500
003 0
005 20250912083148.0
008 250912b xxu||||| |||| 00| 0 eng d
020 _a978-93-48196-10-1
050 _aQ 335
_b.S54 2025
100 _aShekhar, Shashi,
_eauthor.
245 _aArtificial intelligence :
_ba complete guide for thinking humans /
_cShashi Shekhar.
250 _aFirst edition.
260 _aNew Delhi, India :
_bVenus Books,
_c2025.
300 _axi, 264 pages :
_billustrations ;
_c24 cm.
504 _aIncludes bibliographical references and index.
650 _aArtificial intelligence.
650 _aArtificial intelligence
_xPhilosophy.
942 _2lcc
_cBK
999 _c367914
_d367914